| 000 | 00708nas a2200241 4500 | ||
|---|---|---|---|
| 001 | BR0705845 | ||
| 003 | BR-BrBNA | ||
| 005 | 20231205111213.0 | ||
| 007 | ta | ||
| 008 | 230509b bl.|||p| |||| 00| 00por d | ||
| 040 |
_aBR-BrBNA _bpor _cBiblioteca Nacional de Agricultura |
||
| 041 | _a(Pt) | ||
| 072 | _aE70; L10 | ||
| 100 | 1 | _aAlencar, M. de M. | |
| 100 | 1 | _aPacker, I.U. | |
| 245 | 1 | _aCompetitividade dependendo do cruzamento de raças | |
| 650 | _aBOVINO | ||
| 650 | _aCRUZAMENTO ANIMAL | ||
| 650 | _aMELHORAMENTO ANIMAL | ||
| 773 | 0 |
_tVisão Agrícola (Brazil) _xISSN 1806-6402 _g(Jan-Jun 2005), v. 2(3) p. 11-13 _wBR0705845 |
|
| 909 |
_a202311 _bLúcia _c55 _dLúcia Elande |
||
| 942 |
_2AGRIS _n0 _cANA |
||
| 999 |
_c191320 _d191320 |
||